The lost oases /

Saved in:

Main Author: Hassanein, Ahmed Mohammed, 1889- (Author)

Other Authors: Haag, Michael.

Format: Book

Language: English

Published: Cairo, Egypt ; New York : The American University in Cairo Press, c2006.

Subjects:

Tags: Add Tag

No Tags, Be the first to tag this record!

Call Number: DT55 .H35 2006

LEADER 00749nam a2200241Ia 4500
003 OSt
005 20260329071939.0
008 211223s2006 ua ab 001 0 eng d
020 |a 9774249801 
040 |c ARCE Library 
050 4 |a DT55 .H35 2006 
100 1 |a Hassanein, Ahmed Mohammed,   |d 1889-,   |e author 
245 1 4 |a The lost oases /   |c by A. M. Hassanein Bey ; introduced by Michael Haag. 
264 1 |a Cairo, Egypt ;   |a New York :   |b The American University in Cairo Press,  |c c2006. 
300 |a 316 pages :   |b ill., map ;   |c 23 cm. 
500 |a Includes index. 
651 0 |a Libyan Desert. 
651 0 |a Western Desert (Egypt) 
651 0 |a Sudan (Region) 
700 1 |a Haag, Michael. 
901 |a reviewed 
942 |2 lcc  |c BK 
999 |c 41162  |d 41162